000 01091nam a22003257a 4500
003 CHAP
005 20220329140039.0
008 971013s1970 r 00010 d
010 _a46177
011 _a47149
035 _a51291
040 _cCHAP
090 _aFolleto 1976
100 0 0 _aUnión Nacional de Empacadoras T.I.F. México.
_9116242
245 _aIndustrialización del ganado en México
260 _aMéxico, D.F. :
_bLa Unión,
_c1970
300 _a97 p.
_b; mapa
590 _aBATCH-UPD
_b10
_c20130109
_lUCH01
_h2332
590 _aBATCH-UPD
_b10
_c20130110
_lUCH01
_h0200
590 _aBATCH-UPD
_b10
_c20130110
_lUCH01
_h2059
590 _aBATCH-UPD
_b10
_c20130409
_lUCH01
_h1858
590 _aBATCH-UPD
_b10
_c20130914
_lUCH01
_h1638
590 _aCONVERSION
_b10
_c20130109
_lUCH01
_h1325
650 1 4 _aIndustrias pecuarias.
_958022
650 1 4 _aIndustrias pecuarias
_xMéxico.
_958029
901 _aBK
942 _cFOLL
949 _aFolleto 1976
_bBC
_cFOLL
_d-114817
_eTS1
_i51291
_mD
_si
949 _aFolleto 1976
_bBC
_cFOLL
_d33724002105934
_eTS1
_fc.2
_gI.c/e
_h17444
_i51291
_st
999 _c46177
_d46177